St. Georgs-Kirche in Georgenberg(SpišskáSobota)

Bibliographic Details
Main Authors: Glatz, Anton C., 1945-2001 (Author), Zubko, Peter, 1972- (Author)
Other Authors: Horňáková-Spitzner, Angelika (Translator), Jiroušek, Alexander, 1934-2021 (Photographer)
Format: Book
Language:German
Slovak
PhysicalDescription:63 s. fareb. 24 cm
Published: Košice Sáša 2006
ISBN:8096709690
Edition:2. Aufl.
Subjects:

MARC

LEADER 00000nam a22000005a 4500
001 vtls008850728
003 SK-MaSNL
005 20260301182920.0
008 240313s2006 xo o g 000 0 ger
020 |a 8096709690  |q (viaz.) 
035 |a 7880790C-A451-417E-8E6B-8F3933124EB7 
035 |a urn:nbn:sk:snk-amk761 
035 |a urn:nbn:sk:snk-am008jxw 
040 |a SNK  |b slo  |c SNK  |e AACR2 
041 1 |a ger  |h slo 
043 |a e-xo--- 
044 |a xo  |c SK 
072 7 |a 904  |x Kultúrne pamiatky historického obdobia všeobecne  |2 konspekt 
080 |a 904  |2 2001 
080 |a 726.1/.6  |2 2001 
080 |a 7.046.3  |2 2001 
080 |a (437.6)  |2 2001 
080 |a (084.12)  |2 2001 
080 |a (048.8)  |2 2001 
100 1 |a Glatz, Anton C.,  |d 1945-2001  |4 aut  |9 111879 
245 1 0 |a St. Georgs-Kirche in Georgenberg(SpišskáSobota)  |c Anton Cyril, Glatz, [Peter Zubko], Alexander Jiroušek ; [Übersetzung ins Deutsche:] Angelika Horňáková-Spitzner 
250 |a 2. Aufl. 
260 |a Košice  |b Sáša  |c 2006 
300 |a 63 s.  |b fareb.  |c 24 cm 
500 |a Legenda a pôdorys kostola na predsádkach 
610 2 7 |a Kostol sv. Juraja (Poprad-Spišská Sobota, Slovensko)  |2 SNKPH  |9 55031 
650 0 7 |a dejiny  |2 SNKPH  |9 3825 
650 0 7 |a kostoly  |2 SNKPH  |9 3023 
650 0 7 |a sakrálne umenie  |2 SNKPH  |9 1064 
651 7 |a Spišská Sobota (Poprad, Slovensko)  |2 SNKPH  |9 54498 
655 7 |a fotografické publikácie  |2 SNKPH  |9 70483 
655 7 |a monografie  |2 SNKPH  |9 70139 
700 1 |a Horňáková-Spitzner, Angelika  |4 trl  |9 66213 
700 1 |a Zubko, Peter,  |d 1972-  |4 aut  |9 102438 
700 1 |a Jiroušek, Alexander,  |d 1934-2021  |4 pht  |9 223957 
919 |a 80-967096-9-0 
999 |c 855236  |d 857166 
952 |a SNK  |b SNK  |y PREZ  |7 0  |p 17A0522642  |o snkSC 124977  |i snk2006/19384  |8 0  |0 0  |1 0  |4 0  |d 2006-09-29  |f 1  |l 0  |r 2025-06-09 00:00:00  |w 2026-02-24 
952 |a SNK  |b SNK  |y VYP  |7 0  |p 17A0522643  |o snkSC 124977 D1  |i snk2006/19385  |8 0  |0 0  |1 0  |4 0  |d 2006-09-29  |l 0  |r 2026-02-24 04:54:29  |w 2026-02-24